| 000 | 00514pab a2200181 454500 | ||
|---|---|---|---|
| 008 | 180718b2014 xxu||||| |||| 00| 0 eng d | ||
| 100 | _aHudson, John | ||
| 245 | _aReview article productive welfare, the East Asian 'model' and beyond: Placing welfare types in Greater China into context | ||
| 260 | _c2014 | ||
| 300 | _ap.301-315. | ||
| 362 | _aApr | ||
| 650 | _aSocial policy | ||
| 700 | _aYang, Nan | ||
| 700 | _aKuhner, Stefan | ||
| 773 | _aSocial Policy and Society | ||
| 908 | _aN | ||
| 909 | _a103645 | ||
| 999 |
_c103641 _d103641 |
||